READING, WRITING, AND LEARNING IN ESL: A RESOURSE BOOK FOR K-12 TEACHERS (Record no. 173821)
[ view plain ]
| 000 -LEADER | |
|---|---|
| fixed length control field | 00617nam a2200205Ia 4500 |
| 003 - CONTROL NUMBER IDENTIFIER | |
| control field | OSt |
| 005 - DATE AND TIME OF LATEST TRANSACTION | |
| control field | 20260218093841.0 |
| 020 ## - INTERNATIONAL STANDARD BOOK NUMBER | |
| International Standard Book Number | 978-0-8013-3249-4 |
| 040 ## - CATALOGING SOURCE | |
| Transcribing agency | LC |
| 050 ## - LIBRARY OF CONGRESS CALL NUMBER | |
| Classification number | PE 1128 .A 2 P 47 2001 |
| 100 ## - MAIN ENTRY--PERSONAL NAME | |
| Personal name | PEREGOY SUZANNE F |
| 245 #0 - TITLE STATEMENT | |
| Title | READING, WRITING, AND LEARNING IN ESL: A RESOURSE BOOK FOR K-12 TEACHERS |
| 250 ## - EDITION STATEMENT | |
| Edition statement | 3 |
| 260 ## - PUBLICATION, DISTRIBUTION, ETC. | |
| Place of publication, distribution, etc. | NEW YORK, |
| Name of publisher, distributor, etc. | ADDISON WESLEY LONGMAN, INC, |
| Date of publication, distribution, etc. | 2001, |
| 300 ## - PHYSICAL DESCRIPTION | |
| Extent | XViii, 446 P, ILL |
| 500 ## - GENERAL NOTE | |
| General note | INCLUDES BIBLIOGRAPHICAL RFERENCES AND INDEX |
| 650 ## - SUBJECT ADDED ENTRY--TOPICAL TERM | |
| Topical term or geographic name entry element | ENGLISH LANGUAGE-STUDY AND TEACHING-FOREIGN SPEAKERS |
| 700 ## - ADDED ENTRY--PERSONAL NAME | |
| Personal name | BOYLE OWEN F |
| 942 ## - ADDED ENTRY ELEMENTS (KOHA) | |
| Koha item type | Long Loan Book |
| Source of classification or shelving scheme | Library of Congress Classification |
| Withdrawn status | Lost status | Source of classification or shelving scheme | Damaged status | Not for loan | Collection | Home library | Current library | Shelving location | Date acquired | Inventory number | Total checkouts | Full call number | Barcode | Date last seen | Copy number | Price effective from | Koha item type |
|---|---|---|---|---|---|---|---|---|---|---|---|---|---|---|---|---|---|
| Library of Congress Classification | Arts & Social Sciences | Kisii University Library | Kisii University Library | On Display | 05/15/2024 | 074888 | PE 1128 .A2 P47 2001 | 048214 | 05/15/2024 | 1 | 05/15/2024 | Long Loan Book |